书目信息 |
| 题名: |
先进文化之路
|
|
| 作者: | 余信红 著 | |
| 分册: | ||
| 出版信息: | 广州 暨南大学出版社 2002.07 |
|
| 页数: | 275页 | |
| 开本: | 20cm | |
| 丛书名: | ||
| 单 册: | ||
| 中图分类: | A841.67 | |
| 科图分类: | ||
| 主题词: | 党和国家领导人--dang he guo jia ling dao ren--文化--建设--研究--中国 | |
| 电子资源: | ||
| ISBN: | 7-81079-122-2 | |
| 000 | 00992nam0 2200253 450 | |
| 001 | 012007800070 | |
| 005 | 20071228140821.93 | |
| 010 | @a7-81079-122-2@dCNY18.00 | |
| 100 | @a20071228d2002 km y0chiy0120 ea | |
| 101 | 0 | @achi |
| 102 | @aCN@b440000 | |
| 105 | @ay a 000yy | |
| 106 | @ar | |
| 200 | 1 | @a先进文化之路@Axian jin wen hua zhi lu@e三代中央领导的不懈探求@f余信红著@Fyu xin hong zhu |
| 210 | @a广州@c暨南大学出版社@d2002.07 | |
| 215 | @a275页@d20cm | |
| 320 | @a有书目 (第272-275页) | |
| 330 | @a本书包括“以毛泽东为代表的新民主主义和社会主义文化理论”、“以邓小平为代表的社会主义精神文明建设理论”、“以江泽民为代表的始终代表先进文化前进方向的理论与实践”三部分内容。 | |
| 517 | 1 | @a三代中央领导的不懈探求@Asan dai zhong yang ling dao de bu xie tan qiu |
| 606 | 0 | @a党和国家领导人@Adang he guo jia ling dao ren@x文化@x建设@x研究@y中国 |
| 690 | @aA841.67@v4 | |
| 701 | 0 | @a余信红@Ayu xin hong@4著 |
| 801 | 0 | @aCN@bQSSK@c20071228 |
| 905 | @b273578-79@dA841.67@eY771@f2 | |
| 先进文化之路:三代中央领导的不懈探求/余信红著.-广州:暨南大学出版社,2002.07 |
| 275页;20cm |
| ISBN 7-81079-122-2:CNY18.00 |
| 本书包括“以毛泽东为代表的新民主主义和社会主义文化理论”、“以邓小平为代表的社会主义精神文明建设理论”、“以江泽民为代表的始终代表先进文化前进方向的理论与实践”三部分内容。 |
| ● |
| 相关链接 |
|
|
|
正题名:先进文化之路
索取号:A841.67/Y771
 
预约/预借
| 序号 | 登录号 | 条形码 | 馆藏地/架位号 | 状态 | 备注 |
| 1 | 273578 | 202735781 | 社科库509/509社科库 5排2列2层/ [索取号:A841.67/Y771] | 在馆 | |
| 2 | 273579 | 202735790 | 社科库509/509社科库 5排2列2层/ [索取号:A841.67/Y771] | 在馆 |